| 000 | 00483pab a2200145 454500 | ||
|---|---|---|---|
| 008 | 180718b2003 xxu||||| |||| 00| 0 eng d | ||
| 100 | _aTilak, Jandhyala B.G. | ||
| 245 | _aState, households and markets in education: government's unwillingness and households' compulsion to pay for education vis-a-vis the exploitative markets | ||
| 260 | _c2003 | ||
| 300 | _ap.115-44. | ||
| 362 | _aJul-Dec | ||
| 650 | _aEducation | ||
| 773 | _aReview of Development and Change | ||
| 909 | _a61068 | ||
| 999 |
_c61068 _d61068 |
||